Catálogo
 En Linea

Juventud, pobreza y desarrollo en América Latina y el Caribe. / (Registro nro. 28961)

Detalles MARC
000 -CABECERA
campo de control de longitud fija 00737nam a2200181 a 4500
001 - NÚMERO DE CONTROL
campo de control 000029469
005 - FECHA Y HORA DE LA ÚLTIMA TRANSACCIÓN
campo de control 20200930055555.0
008 - DATOS DE LONGITUD FIJA--INFORMACIÓN GENERAL
campo de control de longitud fija 110415s2003 000 spa d
040 ## - FUENTE DE LA CATALOGACIÓN
Centro catalogador/agencia de origen DO-SdBNP
Lengua de catalogación spa
Centro/agencia transcriptor BNPHU
082 ## - NÚMERO DE LA CLASIFICACIÓN DECIMAL DEWEY
Número de clasificación xxxx
Número de documento/Ítem C748
100 1# - ENTRADA PRINCIPAL--NOMBRE DE PERSONA
Nombre de persona Calderón, Leonor
9 (RLIN) 56342
245 10 - MENCIÓN DE TÍTULO
Título Juventud, pobreza y desarrollo en América Latina y el Caribe. /
Mención de responsabilidad, etc. Leonor Calderón.
260 ## - PUBLICACIÓN, DISTRIBUCIÓN, ETC.
Lugar de publicación, distribución, etc. Santo Domingo :
Nombre del editor, distribuidor, etc. CEPAL,
Fecha de publicación, distribución, etc. [2003].
300 ## - DESCRIPCIÓN FÍSICA
Extensión 44 P. ;
Dimensiones 28 cm.
500 ## - NOTA GENERAL
Nota general Incluye referencias bibliográficas y notas al pie de las páginas
504 ## - NOTA DE BIBLIOGRAFÍA, ETC.
Nota de bibliografía, etc. Bibliografía : p.43-44
711 1# - PUNTO DE ACCESO ADICIONAL--NOMBRE DE REUNIÓN/CONGRESO
Nombre de congreso/reunión o jurisdicción como elemento de entrada Conferencia de Primeras Damas, Esposas y Representantes de Jefes de Estado y de Gobierno de las Américas
Número del congreso/reunión o número de parte o sección (12a
Fecha del congreso/reunión 2003 oct. 15-16:
Sede del congreso/Lugar de la reunión Santo Domingo)
9 (RLIN) 56343
Existencias
Estado de retiro Estado de pérdida Restricciones de uso No para préstamo Código de colección Localización permanente Ubicación/localización actual Ubicación en estantería Fecha de adquisición Número de inventario Total de préstamos Signatura topográfica completa Código de barras Fecha visto por última vez Precio válido a partir de Tipo de ítem Koha Número de copia
      Excluido de préstamo Monografías: Libros y Folletos Patrimonio Dominicano Patrimonio Dominicano En catalogación 15.04.2011 LF1   xxxx C748 29469-10 25.06.2020 25.06.2020 No se presta  
  Extraviado   Excluido de préstamo Monografías: Libros y Folletos Patrimonio Dominicano Patrimonio Dominicano Extraviado 29.04.2011 LF1   xxxx C748 29469-20 25.06.2020 25.06.2020 No se presta e. 2

Con tecnología Koha